[Event "POL-chT3"]
[Site "Jastrzebia Gora POL"]
[Date "2015.??.??"]
[Round "6.75"]
[White "Parol, Pawel"]
[Black "Kastelik, Adrian"]
[Result "0-1"]
[WhiteElo "2039"]
[BlackElo "2135"]
[EventDate "2015.??.??"]
[WhiteTitle "I++"]
[BlackTitle "I++"]

1.Nf3 d5 2.d4 Nf6 3.c4 c6 4.e3 e6 5.Qc2 Nbd7 6.Nbd2 Be7 7.Bd3 O-O 8.O-O h6
9.b3 b6 10.e4 dxe4 11.Nxe4 Bb7 12.Ne5 c5 13.Nxd7 Qxd7 14.dxc5 Rfd8 15.Nd6 
Bxd6 16.cxd6 Qc6 17.f3 Qxd6 18.Rd1 Qd4+ 19.Kf1 Qxa1 20.Bb2 Qxa2 21.Ra1 
Qxb2 22.Qxb2 Rxd3 23.Ke2 Rd7 24.Rd1 Rxd1 25.Kxd1 Rd8+ 26.Ke2 e5 27.Qa3 Rd7
28.Ke3 a5 29.b4 e4 30.Qa4 Rd3+ 31.Ke2 Rc3 32.bxa5 exf3+ 33.gxf3 Bxf3+ 34.
Ke1 Ne4 35.Qa1 bxa5 36.Qb2 Re3+ 37.Kf1 Re2 38.Qb8+ Kh7 39.Qf4 Nd2+ 40.Kg1 
Rg2+ 41.Kh1 Rg6+ 42.Qxf3 Nxf3 0-1

[Event "POL-chT3"]
[Site "Jastrzebia Gora POL"]
[Date "2015.??.??"]
[Round "6.76"]
[White "Dzierzak, Radoslaw"]
[Black "Jozwik, Jacek"]
[Result "1/2-1/2"]
[WhiteElo "2168"]
[BlackElo "2012"]
[EventDate "2015.??.??"]
[WhiteTitle "I++"]
[BlackTitle "I"]

1.e4 d5 2.exd5 Nf6 3.d4 Nxd5 4.c4 Nb6 5.Nc3 e5 6.dxe5 Qxd1+ 7.Nxd1 Nc6 8.
Nf3 Bg4 9.Ne3 Bxf3 10.gxf3 Bb4+ 11.Bd2 Bxd2+ 12.Kxd2 Nxe5 13.f4 O-O-O+ 14.
Kc3 Nc6 15.b3 Rd4 16.Bh3+ Kb8 17.Rad1 Rxf4 18.Rd2 Rd8 19.Rhd1 Rxd2 20.Rxd2
Rh4 21.Bg2 Rxh2 22.f4 Rh6 23.c5 Nc8 24.Rd7 N6e7 25.Nd5 Nxd5+ 26.Bxd5 Rf6 
27.Bxf7 Rxf4 28.Bg8 h5 29.Rxg7 Rg4 30.Rxg4 hxg4 31.Kd4 b6 32.cxb6 cxb6 33.
Be6 g3 34.Ke3 Ne7 35.Kf3 Kc7 36.Kxg3 Kd6 37.Bf7 Ke5 38.Kf3 Kd4 39.Kf4 Nc6 
40.Bg8 Nb4 41.a4 Nd3+ 42.Kf5 Nc5 43.Bf7 a5 44.Kf4 Kc3 45.Ke5 Nxb3 46.Kd6 
Nc5 47.Kc6 Nxa4 48.Kb5 Nb2 49.Kxb6 a4 50.Kb5 a3 51.Bg8 Nd3 52.Ka4 Kb2 53.
Bf7 Ne1 54.Bg8 Nc2 55.Bf7 Nd4 56.Bg8 Ne2 57.Bf7 Nc3+ 58.Kb4 Ne4 59.Bg8 Nf6
60.Bf7 1/2-1/2

[Event "POL-chT3"]
[Site "Jastrzebia Gora POL"]
[Date "2015.??.??"]
[Round "6.77"]
[White "Suliborski, Artur"]
[Black "Faron, Rafal"]
[Result "1-0"]
[WhiteElo "1884"]
[BlackElo "2033"]
[EventDate "2015.??.??"]
[WhiteTitle "I"]
[BlackTitle "I++"]

1.Nf3 Nf6 2.d4 g6 3.c4 Bg7 4.Nc3 d5 5.Qb3 dxc4 6.Qxc4 O-O 7.e4 Nc6 8.Bf4 
Nh5 9.Be3 Bg4 10.e5 Bxf3 11.gxf3 e6 12.h4 Ne7 13.Bh3 Nd5 14.Nxd5 exd5 15.
Qb3 c5 16.Bg5 Qa5+ 17.Qc3 Qb5 18.a4 cxd4 19.Qxd4 Qa6 20.O-O-O Qe2 21.Rd2 
Qxe5 22.Qxe5 Bxe5 23.Rxd5 f6 24.Bd2 Rfd8 25.Be6+ Kh8 26.Rd1 Ng7 27.Bf7 
Rdc8+ 28.Bc3 Bxc3 29.bxc3 Rxc3+ 30.Kb2 Rcc8 31.Rd7 Nf5 32.h5 Kg7 33.hxg6 
hxg6 34.Be6+ Kh6 35.f4 Ng7 36.Rh1+ Nh5 37.f5 Rd8 38.Rf7 Rf8 39.fxg6 Kxg6 
40.Rg1+ Kh6 41.Rc7 f5 42.Bf7 Nf4 43.Rc4 Nh5 44.Bxh5 Kxh5 45.Rc3 Kh4 46.
Rcg3 1-0

[Event "POL-chT3"]
[Site "Jastrzebia Gora POL"]
[Date "2015.??.??"]
[Round "6.78"]
[White "Binkowska, Agata"]
[Black "Murawko, Katarzyna"]
[Result "1-0"]
[WhiteElo "1553"]
[BlackElo "1977"]
[EventDate "2015.??.??"]
[WhiteTitle "I++"]
[BlackTitle "k"]

1.e4 g6 2.d4 Bg7 3.Nc3 d6 4.f4 c6 5.Nf3 b5 6.a3 a6 7.Be2 d5 8.e5 Nh6 9.O-O
f6 10.Be3 Be6 11.Kh1 Nd7 12.Nh4 Nb6 13.b3 Qd7 14.Bd3 O-O-O 15.a4 Kb7 16.
Qd2 Ng4 17.Bg1 Bf5 18.Nxf5 gxf5 19.Ne2 e6 20.Rfb1 Bf8 21.c4 Rb8 22.axb5 
axb5 23.c5 Na8 24.Ra3 Kc8 25.Rba1 Nc7 26.Ra7 h5 27.Qa5 Rg8 28.Ng3 Qg7 29.
Ra2 Rh8 30.Bxf5 exf5 31.Nxf5 Qh7 32.Nd6+ Kd8 33.e6 Nh6 34.Nf7+ 1-0

[Event "POL-chT3"]
[Site "Jastrzebia Gora POL"]
[Date "2015.??.??"]
[Round "6.79"]
[White "Luksik, Mateusz"]
[Black "Zochowski, Kacper"]
[Result "1-0"]
[WhiteElo "2056"]
[BlackElo "2230"]
[EventDate "2015.??.??"]
[WhiteTitle "k+"]
[BlackTitle "k"]

1.f4 Nf6 2.Nf3 g6 3.e3 Bg7 4.Be2 c5 5.O-O O-O 6.d3 Nc6 7.Nc3 d5 8.e4 d4 9.
Nb1 Qc7 10.h3 Nh5 11.Nh2 Ng3 12.Rf2 Nxe2+ 13.Qxe2 f5 14.Nd2 e5 15.exf5 
Rxf5 16.fxe5 Rxf2 17.Qxf2 Nxe5 18.Ne4 Bf5 19.Bf4 Bxe4 20.dxe4 Rf8 21.Rf1 
Qc6 22.Qe2 Qe6 23.Bxe5 Rxf1+ 24.Kxf1 Bxe5 25.Nf3 a6 26.b3 Kg7 27.Qc4 Qxc4+
28.bxc4 Bf4 29.Ke2 Kf6 30.g4 Ke6 31.Kd3 Kd6 32.a4 Ke6 33.c3 dxc3 34.Kxc3 
h5 35.Kd3 hxg4 36.hxg4 b6 37.Kc3 Be5+ 38.Kd2 Bf4+ 39.Kd3 Be5 40.Ke3 Bg3 
41.Ng5+ Kf6 42.Nf3 Ke6 43.Kd3 Bf4 44.Kc3 Be5+ 45.Kb3 Bd6 46.Kb2 Be5+ 47.
Kc2 Bd6 48.Kd2 Bf4+ 49.Ke2 Be5 50.Ke3 Bg3 51.Ke2 Be5 52.Ne1 Kd6 53.Kf3 Kc6
54.Nd3 Bc7 55.Nf4 Bxf4 56.Kxf4 b5 57.cxb5+ axb5 58.a5 b4 59.Ke3 Kb5 60.e5 
1-0

[Event "POL-chT3"]
[Site "Jastrzebia Gora POL"]
[Date "2015.??.??"]
[Round "6.80"]
[White "Smieszek, Wojciech"]
[Black "Pulik, Krzysztof"]
[Result "0-1"]
[WhiteElo "2154"]
[BlackElo "2137"]
[EventDate "2015.??.??"]
[WhiteTitle "k"]
[BlackTitle "k"]

1.e4 e6 2.d4 d5 3.Nc3 Bb4 4.e5 c5 5.a3 Bxc3+ 6.bxc3 Ne7 7.h4 O-O 8.Nf3 
Nbc6 9.Bd3 f6 10.exf6 Rxf6 11.Bg5 Rf7 12.Bxe7 Rxe7 13.Ng5 h6 14.Qh5 e5 15.
Bh7+ Kh8 16.Bg6 exd4+ 17.Kf1 Ne5 18.f3 Qd6 19.Bd3 Bd7 20.cxd4 cxd4 21.f4 
Nxd3 22.cxd3 Qxf4+ 23.Nf3 Bf5 24.Kf2 g6 25.g3 Qe3+ 0-1

[Event "POL-chT3"]
[Site "Jastrzebia Gora POL"]
[Date "2015.??.??"]
[Round "6.81"]
[White "Kopczyk, Daniel"]
[Black "Borawski, Jakub"]
[Result "0-1"]
[WhiteElo "2133"]
[BlackElo "2020"]
[EventDate "2015.??.??"]
[WhiteTitle "k"]
[BlackTitle "I++"]

1.c4 e5 2.Nc3 Nc6 3.g3 g6 4.Bg2 Bg7 5.e3 Nge7 6.Nge2 d6 7.O-O Be6 8.Nd5 
O-O 9.d3 Qd7 10.Rb1 Nd8 11.Nxe7+ Qxe7 12.Nc3 Qd7 13.Re1 c6 14.b3 d5 15.Ba3
Re8 16.Rc1 f5 17.cxd5 cxd5 18.Na4 b6 19.Qc2 Nf7 20.Qc6 Rad8 21.Qxd7 Rxd7 
22.Rc6 d4 23.e4 fxe4 24.dxe4 Bh6 25.Nb2 Nd8 26.Rc8 d3 27.Rd1 d2 28.Nc4 Rd4
29.Rc7 Nf7 30.Bb2 Rd3 31.f3 b5 32.Nxe5 Nxe5 33.Bxe5 Rxb3 34.axb3 Bxb3 35.
Rxd2 Bxd2 36.f4 Be3+ 37.Kf1 Bf7 38.Bh3 Bb6 39.Rb7 b4 40.Bd7 Rxe5 41.fxe5 
b3 42.Bb5 b2 43.Bd3 Ba2 44.e6 Bc4 0-1

[Event "POL-chT3"]
[Site "Jastrzebia Gora POL"]
[Date "2015.??.??"]
[Round "6.82"]
[White "Czaplewska, Klara"]
[Black "Wozniak, Maciej"]
[Result "0-1"]
[WhiteElo "1914"]
[BlackElo "2087"]
[EventDate "2015.??.??"]
[WhiteTitle "I++"]
[BlackTitle "k"]

1.e4 c5 2.Nf3 d6 3.d4 cxd4 4.Nxd4 Nf6 5.Nc3 g6 6.f4 Nc6 7.Nxc6 bxc6 8.Qf3 
Bg4 9.Qd3 Bg7 10.h3 Be6 11.Bd2 O-O 12.g4 Nd7 13.f5 Ne5 14.Qg3 Bc4 15.O-O-O
Qb6 16.b3 Qb4 17.Nb1 Qb5 18.Bc3 Bxf1 19.Rdxf1 c5 20.g5 Rfe8 21.h4 Qe2 22.
h5 gxh5 23.f6 Bh8 24.Re1 Qg4 25.Qe3 Ng6 26.Ref1 exf6 27.gxf6 Qxe4 28.Qxe4 
Rxe4 29.Rxh5 Rh4 30.Rd5 Rd8 31.Rfd1 Rf4 32.Rxd6 Rxd6 33.Rxd6 h5 34.Rd5 h4 
35.Rxc5 h3 36.Rh5 Rh4 37.Rxh4 Nxh4 38.Be5 Nf3 39.Bg3 h2 40.Bxh2 Nxh2 41.
Nc3 Bxf6 42.Nb5 a6 43.Nc7 a5 44.c4 Kf8 45.Nd5 Be5 46.c5 Ke8 47.c6 Kd8 48.
a3 Nf3 49.b4 axb4 50.axb4 Nd4 0-1

[Event "POL-chT3"]
[Site "Jastrzebia Gora POL"]
[Date "2015.??.??"]
[Round "6.83"]
[White "Bielawski, Michal"]
[Black "Dmochowska, Agnieszka"]
[Result "1/2-1/2"]
[WhiteElo "2036"]
[BlackElo "1973"]
[EventDate "2015.??.??"]
[WhiteTitle "I+"]
[BlackTitle "WCM"]

1.d4 Nf6 2.c4 e6 3.Nf3 c5 4.Nc3 cxd4 5.Nxd4 Nc6 6.g3 Bb4 7.Nb5 O-O 8.a3 
Bxc3+ 9.Nxc3 d5 10.Bg5 dxc4 11.Bg2 Qb6 12.Rb1 Ng4 13.O-O h6 14.Bc1 Rd8 15.
Qa4 Nce5 16.h3 Bd7 17.Qc2 Nf6 18.Be3 Qa6 19.Bd4 Ng6 20.Bxf6 gxf6 21.Ne4 e5
22.Nc5 Qb6 23.Nxd7 Rxd7 24.Qxc4 Rd4 25.Qc3 Rad8 26.b4 Kg7 27.Qc5 Rd2 28.
Qxb6 axb6 29.Bxb7 Rxe2 30.Rfd1 Rdd2 31.Rxd2 Rxd2 32.Rc1 f5 33.Rc6 e4 34.
Rxb6 Ne5 35.Ba6 Ra2 36.Rd6 Nf3+ 37.Kg2 Ra1 38.Bf1 Ne1+ 39.Kg1 Nf3+ 40.Kg2 
Ne1+ 41.Kg1 Nf3+ 1/2-1/2

[Event "POL-chT3"]
[Site "Jastrzebia Gora POL"]
[Date "2015.??.??"]
[Round "6.84"]
[White "Burakowska, Gabriela"]
[Black "Jurkiewicz, Zuzanna"]
[Result "1-0"]
[WhiteElo "1783"]
[BlackElo "1507"]
[EventDate "2015.??.??"]
[WhiteTitle "I++"]
[BlackTitle "I"]

1.d4 Nf6 2.c4 g6 3.f3 Bg7 4.e4 d6 5.Nc3 O-O 6.Be2 Nbd7 7.Nh3 e5 8.d5 a5 9.
Be3 Ne8 10.f4 Nc5 11.Nf2 f5 12.O-O Qe7 13.exf5 Bxf5 14.Qd2 b6 15.Rad1 Rf7 
16.Bf3 Qf8 17.fxe5 Bxe5 18.Ng4 Bxg4 19.Bxg4 Rxf1+ 20.Rxf1 Bxh2+ 21.Kxh2 
Qxf1 22.Qd4 Nf6 23.Bh3 Re8 24.Bf2 Nh5 25.g4 Qd3 26.gxh5 Qxd4 27.Bxd4 Re4 
28.Nxe4 Nxe4 29.Be6+ Kf8 30.h6 Ng5 31.Bg7+ Ke7 32.Bg4 Kf7 33.Kg3 Ne4+ 34.
Kf4 Nc5 35.Kg3 Ke7 36.b3 Kf7 37.Bf3 Nd7 38.Kf4 Nc5 39.Kg5 Nd7 40.Be4 Nc5 
41.Bc2 Nd7 42.Bd4 Nf8 43.Bf6 Ke8 44.Bd3 Nd7 45.Bxg6+ hxg6 46.h7 1-0

[Event "POL-chT3"]
[Site "Jastrzebia Gora POL"]
[Date "2015.??.??"]
[Round "6.86"]
[White "Meczynski, Waldemar"]
[Black "Badyra, Wasyl"]
[Result "0-1"]
[WhiteElo "2106"]
[BlackElo "2030"]
[EventDate "2015.??.??"]
[WhiteTitle "k"]
[BlackTitle "I"]

1.e4 c5 2.b4 cxb4 3.Bb2 Nc6 4.d4 d5 5.exd5 Qxd5 6.c4 bxc3 7.Nxc3 Qa5 8.d5 
Ne5 9.Qd4 Nd7 10.Nf3 Ngf6 11.Bb5 a6 12.Ba4 b5 13.Bb3 Qb6 14.Qd2 g6 15.d6 
e6 16.Rd1 Bg7 17.h4 O-O 18.h5 Nc5 19.hxg6 hxg6 20.Bc2 b4 21.Na4 Nxa4 22.
Bxa4 Ne4 23.Bxg7 Nxd2 24.Bd4 Qxd4 25.Nxd4 Nc4 26.Nc6 Nb2 27.Ne7+ Kg7 28.
Bc6 Nxd1 29.Bxa8 Bd7 30.Bc6 Nc3 31.Bxd7 Rd8 32.Bc6 Rxd6 33.O-O Kf8 34.
Nxg6+ fxg6 35.Bf3 Nxa2 36.Be4 Kf7 37.Bc2 Nc3 38.Ra1 Rb6 39.Bb3 Ne2+ 40.Kf1
Nd4 41.Bc4 b3 42.Rxa6 Rxa6 43.Bxa6 b2 44.Bd3 Nb5 45.Ke1 Nc3 46.Kd2 b1=Q 
0-1

[Event "POL-chT3"]
[Site "Jastrzebia Gora POL"]
[Date "2015.??.??"]
[Round "6.87"]
[White "Budnik, Mateusz"]
[Black "Swiatnicki, Andrzej"]
[Result "0-1"]
[WhiteElo "1981"]
[BlackElo "2109"]
[EventDate "2015.??.??"]
[WhiteTitle "I++"]
[BlackTitle "k"]

1.e4 e5 2.Nf3 Nc6 3.Bb5 f5 4.Nc3 Nf6 5.d3 fxe4 6.dxe4 Bc5 7.O-O d6 8.Bg5 
O-O 9.Nd5 Kh8 10.Nh4 Nd4 11.Bc4 b5 12.Bd3 c6 13.Nxf6 gxf6 14.Bh6 Rg8 15.c3
Bg4 16.Qd2 Nf3+ 17.Nxf3 Bxf3 18.g3 Qd7 19.Be2 Bxe4 20.Be3 Qh3 21.f3 Rxg3+ 
22.hxg3 Qxg3+ 23.Kh1 Qh3+ 24.Kg1 Rg8+ 25.Kf2 Qg3# 0-1

[Event "POL-chT3"]
[Site "Jastrzebia Gora POL"]
[Date "2015.??.??"]
[Round "6.88"]
[White "Walaszczyk, Witold"]
[Black "Zolnierowicz, Krzysztof"]
[Result "1/2-1/2"]
[WhiteElo "2143"]
[BlackElo "2043"]
[EventDate "2015.??.??"]
[WhiteTitle "k"]
[BlackTitle "IM"]

1.d4 d5 2.Nf3 e6 3.g3 Nf6 4.Bg2 Be7 5.O-O O-O 6.c4 c5 7.cxd5 exd5 8.Nc3 
Nc6 9.Bg5 cxd4 10.Nxd4 Re8 11.a3 Bg4 12.Qa4 Qd7 13.Rad1 h6 14.Bc1 Bh3 15.
Nxc6 bxc6 16.e4 Bxg2 17.Kxg2 Qb7 18.exd5 Nxd5 19.Nxd5 cxd5 20.Rfe1 Red8 
21.Bd2 Bf6 22.b4 d4+ 23.Kg1 Qf3 24.Bc1 Rac8 25.Bb2 h5 26.Rd2 h4 27.Qd1 Qd5
28.Qg4 hxg3 29.hxg3 a5 30.bxa5 Qxa5 31.Red1 Rc4 32.Qe4 Qa4 33.Rd3 Rc2 34.
R1d2 Rc4 35.Qf3 Re8 36.Kg2 Rd8 37.Rd1 Rb8 38.R1d2 Rd8 39.Rd1 Rb8 40.R1d2 
Rd8 1/2-1/2

[Event "POL-chT3"]
[Site "Jastrzebia Gora POL"]
[Date "2015.??.??"]
[Round "6.89"]
[White "Stolarczyk, Adam"]
[Black "Smagalski, Jaroslaw"]
[Result "1/2-1/2"]
[WhiteElo "2160"]
[BlackElo "1889"]
[EventDate "2015.??.??"]
[WhiteTitle "k"]
[BlackTitle "I"]

1.d4 Nf6 2.Nf3 e6 3.e3 Be7 4.Bd3 O-O 5.O-O c5 6.Nbd2 Nc6 7.c3 d6 8.Re1 e5 
9.h3 a6 10.a4 Re8 11.dxc5 dxc5 12.Qc2 h6 13.e4 Be6 14.Nc4 Qc7 15.Ne3 g6 
16.Nh2 Kg7 17.Qe2 Rad8 18.Nhg4 Nxg4 19.hxg4 Bg5 20.Bc4 Bxe3 21.Bxe3 Na5 
22.Bxe6 Rxe6 23.Rad1 Red6 24.b4 cxb4 25.cxb4 Nb3 26.Bxh6+ Kxh6 27.Qe3+ Kg7
28.Qxb3 Qb6 29.Rxd6 Rxd6 30.a5 Qd4 31.Qb1 Rf6 32.Re3 Rf4 33.g3 Rxg4 34.Kg2
Rg5 35.Rf3 Qd7 36.Qb3 Rh5 37.Kf1 Rh1+ 38.Ke2 Rh8 39.Kf1 Rh1+ 40.Ke2 Rh8 
41.Kf1 Rh1+ 1/2-1/2

[Event "POL-chT3"]
[Site "Jastrzebia Gora POL"]
[Date "2015.??.??"]
[Round "6.90"]
[White "Bukowska, Katarzyna"]
[Black "Pyzewska, Ewelina"]
[Result "1-0"]
[WhiteElo "1923"]
[BlackElo "1316"]
[EventDate "2015.??.??"]
[WhiteTitle "k++"]
[BlackTitle "II"]

1.e4 d5 2.exd5 Qxd5 3.Nc3 Qd6 4.d4 Nf6 5.Nf3 a6 6.Be2 g6 7.O-O Bg7 8.h3 
O-O 9.Bg5 Nbd7 10.Qd2 b5 11.Bf4 Qb6 12.Rfe1 Bb7 13.Rad1 Rad8 14.a3 Rfe8 
15.Ng5 h6 16.Nf3 Kh7 17.Qe3 Nh5 18.Bh2 f5 19.Nh4 Nhf6 20.Qg3 Ne4 21.Nxe4 
Bxe4 22.c3 e5 23.dxe5 g5 24.Nf3 Nxe5 25.Rxd8 Bxf3 26.Rxe8 f4 27.Qxf3 Nxf3+
28.Bxf3 1-0

[Event "POL-chT3"]
[Site "Jastrzebia Gora POL"]
[Date "2015.??.??"]
[Round "6.91"]
[White "Myc, Marcin"]
[Black "Gierulski, Kamil"]
[Result "1/2-1/2"]
[WhiteElo "2315"]
[BlackElo "2145"]
[EventDate "2015.??.??"]
[WhiteTitle "m"]
[BlackTitle "k"]

1.Nf3 Nf6 2.c4 c6 3.g3 d5 4.Bg2 Bg4 5.Ne5 Bf5 6.cxd5 cxd5 7.Nc3 e6 8.Qa4+ 
Nbd7 9.g4 Bg6 10.h4 h6 11.Nxg6 fxg6 12.d4 Bd6 13.g5 hxg5 14.hxg5 Rxh1+ 15.
Bxh1 Nh7 16.Qc2 Kf7 17.e4 Nxg5 18.exd5 Qh8 19.dxe6+ Nxe6 20.Bd5 Nf6 21.
Bxe6+ Kxe6 22.Qb3+ Kf5 23.Qxb7 Rb8 24.Qf3+ Ke6 25.Bg5 Qh5 26.Qxh5 gxh5 27.
O-O-O Ng4 28.Ne4 Rc8+ 29.Kd2 Bb4+ 30.Kd3 Rf8 31.a3 Ba5 32.Ke2 Rf5 33.Rc1 
Bb6 34.f3 Nh2 35.Rc6+ Kd7 36.Rd6+ Kc8 1/2-1/2

[Event "POL-chT3"]
[Site "Jastrzebia Gora POL"]
[Date "2015.??.??"]
[Round "6.92"]
[White "Chmiel, Marcin"]
[Black "Lukasik, Adam"]
[Result "1-0"]
[WhiteElo "2086"]
[BlackElo "2003"]
[EventDate "2015.??.??"]
[WhiteTitle "I++"]
[BlackTitle "I"]

1.e4 d6 2.d4 Nf6 3.Nc3 e5 4.Nf3 Nbd7 5.Bc4 Be7 6.O-O O-O 7.a4 c6 8.Ba2 a5 
9.h3 Qb6 10.Be3 exd4 11.Nxd4 Nc5 12.f3 Re8 13.Qd2 Qb4 14.Rfd1 g6 15.Nde2 
Be6 16.Bxe6 fxe6 17.b3 e5 18.Nc1 Red8 19.Nd3 Nxd3 20.Qxd3 d5 21.Ne2 Qd6 
22.exd5 cxd5 23.Nc3 Qc6 24.Bg5 e4 25.fxe4 dxe4 26.Qc4+ Qxc4 27.bxc4 Rdc8 
28.Nb5 Rxc4 29.c3 Kg7 30.Nd6 Bxd6 31.Rxd6 Rf8 32.Rc1 Ne8 33.Rd7+ Kg8 34.
Rb1 Rc7 35.Rxb7 Rxb7 36.Rxb7 Rf5 37.Bh6 Rc5 38.Re7 Nd6 39.Rg7+ Kh8 40.Rd7 
Ne8 41.Re7 Nd6 42.Re6 Rd5 43.c4 Rd1+ 44.Kf2 Kg8 45.c5 Nf5 46.Bf4 Rd4 47.c6
Rc4 48.c7 e3+ 49.Ke2 Kf7 50.Kd3 Rc5 51.Re5 Rxe5 52.Bxe5 e2 53.Kxe2 Ne7 54.
Bc3 Ke6 55.Bxa5 Kd7 56.Bb6 Kc6 57.a5 Kb7 58.Ke3 h6 59.Ke4 Nf5 60.Ke5 Ne7 
1-0

[Event "POL-chT3"]
[Site "Jastrzebia Gora POL"]
[Date "2015.??.??"]
[Round "6.93"]
[White "Kurpiewski, Slawomir"]
[Black "Miasik, Adrian"]
[Result "1/2-1/2"]
[WhiteElo "2020"]
[BlackElo "1754"]
[EventDate "2015.??.??"]
[WhiteTitle "k"]
[BlackTitle "I"]

1.e4 e5 2.Nf3 Nc6 3.Nc3 Bc5 4.Bc4 Nf6 5.d3 h6 6.h3 d6 7.a3 O-O 8.Be3 Re8 
9.Qd2 Be6 10.Bxe6 Rxe6 11.O-O Nh5 12.g4 Qf6 13.Kg2 Nd4 14.Bxd4 Nf4+ 15.
Qxf4 Qxf4 16.Nd5 Qxf3+ 17.Kxf3 Bxd4 18.c3 Bb6 19.Ke2 c6 20.Nxb6 axb6 21.h4
Rf6 22.Ke3 g5 23.hxg5 hxg5 24.Rh1 Kg7 25.Rh5 Rg6 26.Rah1 Kf6 27.Rh7 Rag8 
28.R7h3 Ke6 29.Rf3 R6g7 30.Rh6+ Rg6 31.Rh7 R6g7 32.Rh6+ Rg6 33.Rfh3 Kf6 
34.Rxg6+ Kxg6 35.Rh1 Rd8 36.Ke2 b5 37.Ke3 Re8 38.Ke2 Rd8 39.Rh3 Re8 40.Rh1
Rd8 41.Kd2 Re8 42.Ke3 Rd8 43.d4 exd4+ 44.cxd4 f6 45.Kd3 b6 46.Ke3 c5 47.
Rd1 Kf7 48.Rh1 Kg6 49.Rd1 Kf7 50.Rh1 Kg6 51.Rd1 Kf7 1/2-1/2

[Event "POL-chT3"]
[Site "Jastrzebia Gora POL"]
[Date "2015.??.??"]
[Round "6.94"]
[White "Ziemniak, Piotr"]
[Black "Czapla, Andrzej"]
[Result "0-1"]
[WhiteElo "1838"]
[BlackElo "1930"]
[EventDate "2015.??.??"]
[WhiteTitle "I"]
[BlackTitle "I"]

1.e4 c6 2.d4 d5 3.Nd2 g6 4.Ngf3 Bg7 5.h3 Nd7 6.Bd3 dxe4 7.Nxe4 Ngf6 8.c3 
Nxe4 9.Bxe4 Nf6 10.Bd3 Bf5 11.Bxf5 gxf5 12.Bf4 e6 13.Qd2 Ne4 14.Qe2 Qe7 
15.O-O-O Bf6 16.g4 Nd6 17.Ne5 Bg5 18.Bxg5 Qxg5+ 19.Kb1 O-O-O 20.f3 Rhe8 
21.Qc2 f6 22.Nd3 h5 23.h4 Qh6 24.gxh5 e5 25.dxe5 fxe5 26.Qf2 b6 27.Nb4 Kc7
28.Rhg1 a5 29.Rg6 Qf8 30.Nc2 f4 31.b4 Ne4 32.Rxd8 Rxd8 33.fxe4 axb4 34.
Nxb4 Rd6 35.Qg1 Rd8 36.Qg4 f3 37.Rg7+ Rd7 38.Rg8 Qf7 39.Na6+ Kb7 40.Rb8+ 
Kxa6 0-1

[Event "POL-chT3"]
[Site "Jastrzebia Gora POL"]
[Date "2015.??.??"]
[Round "6.95"]
[White "Szczygiel, Konrad"]
[Black "Wasik, Roman"]
[Result "1-0"]
[WhiteElo "1815"]
[BlackElo "1531"]
[EventDate "2015.??.??"]
[WhiteTitle "I"]
[BlackTitle "II+"]

1.d4 Nf6 2.c4 d6 3.Nc3 g6 4.e4 Bg7 5.f4 O-O 6.Nf3 c5 7.d5 e6 8.Be2 exd5 9.
cxd5 Nfd7 10.O-O a6 11.a4 Qc7 12.e5 dxe5 13.d6 Qb6 14.a5 Qd8 15.Ne4 Nc6 
16.fxe5 Ncxe5 17.Nxe5 Bxe5 18.Bg5 Bd4+ 19.Qxd4 cxd4 20.Bxd8 Rxd8 21.Rad1 
b6 22.axb6 Nxb6 23.Rxd4 Be6 24.Nc5 Bd5 25.d7 g5 26.Rf6 Rab8 27.Rxb6 Rxb6 
28.Rxd5 Rxb2 29.Bxa6 Kf8 30.Nb7 Rxb7 31.Bxb7 1-0

[Event "POL-chT3"]
[Site "Jastrzebia Gora POL"]
[Date "2015.??.??"]
[Round "6.96"]
[White "Wasik, Justyna"]
[Black "Waszczuk, Patrycja"]
[Result "0-1"]
[WhiteElo "1369"]
[BlackElo "1926"]
[EventDate "2015.??.??"]
[WhiteTitle "I"]
[BlackTitle "I++"]

1.Nf3 d5 2.d4 c6 3.c4 Nf6 4.Nc3 dxc4 5.a4 Bf5 6.Bg5 Ne4 7.Bf4 e6 8.e3 Bb4 
9.Rc1 Qa5 10.Bxc4 Nxc3 11.bxc3 Bxc3+ 12.Ke2 Bb2 13.Qb3 Qb6 14.Rcd1 Qxb3 
15.Bxb3 h6 16.Nd2 b5 17.axb5 cxb5 18.e4 Bg6 19.Be3 Nd7 20.f4 Bc3 21.Kf3 
Nf6 22.Bc2 Bh5+ 23.Kf2 Bxd1 24.Rxd1 Ng4+ 25.Kf3 Nxe3 26.Kxe3 Bxd2+ 27.Rxd2
Ke7 28.Bd3 a6 29.g4 b4 30.Rc2 Rhc8 31.Rb2 a5 32.Bb5 Rc3+ 33.Ke2 Rh3 34.Kd1
Rb8 35.Ba4 Rd3+ 36.Ke2 Rxd4 37.Ke3 Rc4 38.f5 Rc3+ 39.Kf4 Ra3 40.Bc6 Rb6 
41.Ba8 Rb8 42.Bc6 Kd6 43.Rc2 b3 44.e5+ Ke7 45.Rd2 Rb4+ 46.Kg3 b2+ 47.Kh4 
Rb8 48.Rd7+ Kf8 49.fxe6 fxe6 50.Be4 b1=Q 51.g5 Qxe4+ 52.Kh5 Rh3# 0-1

[Event "POL-chT3"]
[Site "Jastrzebia Gora POL"]
[Date "2015.??.??"]
[Round "6.97"]
[White "Lapaj, Mateusz"]
[Black "Marszalek, Maciej"]
[Result "1/2-1/2"]
[WhiteElo "2133"]
[BlackElo "2330"]
[EventDate "2015.??.??"]
[WhiteTitle "k+"]
[BlackTitle "m"]

1.d4 Nf6 2.c4 e6 3.Nf3 c5 4.Nc3 cxd4 5.Nxd4 a6 6.e3 Qc7 7.Be2 Be7 8.O-O 
O-O 9.Qc2 d6 10.b3 Bd7 11.Bb2 Nc6 12.Rad1 Rac8 13.Qb1 Rfd8 14.Nf3 h6 15.
Rd2 Be8 16.Rfd1 Bf8 17.h3 Ne7 18.Ne4 Nxe4 19.Qxe4 Bc6 20.Qf4 Ng6 21.Qg3 e5
22.Nh4 Nxh4 23.Qxh4 b5 24.cxb5 axb5 25.Rc2 Qb7 26.Rdc1 Be7 27.Qg4 Bd7 28.
Qf3 Qa7 29.Rxc8 Rxc8 30.Rxc8+ Bxc8 31.a3 Bb7 32.Qf5 Qc5 33.Qd7 Qc6 34.Qxc6
Bxc6 35.f3 f6 36.Kf2 Kf7 37.Bd3 d5 38.Bf5 Bc5 39.Ke2 Ke7 40.Kd3 Be8 
1/2-1/2

[Event "POL-chT3"]
[Site "Jastrzebia Gora POL"]
[Date "2015.??.??"]
[Round "6.98"]
[White "Widla, Piotr"]
[Black "Pinkas, Karol"]
[Result "1-0"]
[WhiteElo "2009"]
[BlackElo "2227"]
[EventDate "2015.??.??"]
[WhiteTitle "I++"]
[BlackTitle "IM"]

1.e4 e5 2.Nf3 Nc6 3.d4 exd4 4.Bc4 Nf6 5.e5 d5 6.Bb5 Ne4 7.Nxd4 Bc5 8.O-O 
O-O 9.Bxc6 bxc6 10.Be3 Bxd4 11.Bxd4 c5 12.Be3 d4 13.Bf4 f6 14.Nd2 Nxd2 15.
Qxd2 fxe5 16.Bxe5 Rf5 17.Bg3 Bb7 18.b3 h5 19.h4 Qd7 20.f3 Raf8 21.Rae1 
R8f6 22.Qe2 Rg6 23.Kh2 Kh7 24.Qe7 Qd5 25.Qxc7 Ba6 26.Rf2 Rc6 27.Qxa7 d3 
28.Re7 Qd4 29.Be5 Qxh4+ 30.Kg1 d2 31.Rxg7+ Kh6 32.Rh7+ Kg5 33.Qg7+ Rg6 34.
f4+ Kg4 35.Qxg6+ Rg5 36.Rxd2 1-0

[Event "POL-chT3"]
[Site "Jastrzebia Gora POL"]
[Date "2015.??.??"]
[Round "6.99"]
[White "Garbowski, Jakub"]
[Black "Olesiak, Marcin"]
[Result "0-1"]
[WhiteElo "2049"]
[BlackElo "1971"]
[EventDate "2015.??.??"]
[WhiteTitle "I+"]
[BlackTitle "I+"]

1.e4 c5 2.Nf3 d6 3.d4 cxd4 4.Nxd4 Nf6 5.Nc3 a6 6.Be3 e5 7.Nb3 Be7 8.f3 Be6
9.Qd2 Qc7 10.g4 Nbd7 11.O-O-O b5 12.g5 Nh5 13.Kb1 O-O 14.Ne2 Rfc8 15.Ng3 
Nf4 16.h4 Nb6 17.Bxf4 exf4 18.Nf5 d5 19.Nbd4 dxe4 20.fxe4 Bc5 21.Bd3 Rd8 
22.Nb3 Nc4 23.Qh2 Nxb2 24.Kxb2 Ba3+ 25.Kxa3 Qc3 26.Qf2 b4+ 27.Ka4 Rdb8 28.
Qc5 Qb2 29.Qxb4 Rxb4+ 30.Kxb4 Rb8+ 31.Kc5 Qc3+ 32.Bc4 Qxc4+ 33.Kd6 Bxf5 
34.exf5 Rd8+ 35.Ke5 Rxd1 36.Rxd1 Qe2+ 0-1

[Event "POL-chT3"]
[Site "Jastrzebia Gora POL"]
[Date "2015.??.??"]
[Round "6.100"]
[White "Sukiennik, Marek"]
[Black "Siedlinski, Piotr"]
[Result "1/2-1/2"]
[WhiteElo "1963"]
[BlackElo "2072"]
[EventDate "2015.??.??"]
[WhiteTitle "I"]
[BlackTitle "k"]

1.c4 e6 2.g3 d5 3.Bg2 Nf6 4.Nf3 Be7 5.O-O O-O 6.b3 c5 7.d3 Nc6 8.Na3 b6 9.
Bb2 Bb7 10.cxd5 Nxd5 11.Nc4 Bf6 12.e4 Bxb2 13.exd5 Bxa1 14.dxc6 Bxc6 15.
Qxa1 Qc7 16.d4 cxd4 17.Qxd4 Rfd8 18.Qe3 Qb7 19.Nce5 Bd5 20.Nh4 Rac8 21.Qf4
f6 22.Nc4 g5 23.Qg4 h5 24.Qxh5 gxh4 25.Bxd5 Rxd5 26.Qg4+ Kf7 27.Re1 Qd7 
28.Qxh4 Rg8 29.Ne3 Rd4 30.Qh5+ Rg6 31.Qh7+ Rg7 32.Qh5+ Rg6 33.Qh7+ Rg7 34.
Qh5+ Rg6 1/2-1/2

[Event "POL-chT3"]
[Site "Jastrzebia Gora POL"]
[Date "2015.??.??"]
[Round "6.101"]
[White "Rosicki, Marcin"]
[Black "Szumski, Janusz"]
[Result "0-1"]
[WhiteElo "1826"]
[BlackElo "1956"]
[EventDate "2015.??.??"]
[WhiteTitle "I"]
[BlackTitle "I"]

1.e4 d6 2.d4 Nf6 3.Nc3 g6 4.f4 Bg7 5.Nf3 O-O 6.Be3 c6 7.e5 Nd5 8.Nxd5 cxd5
9.Bd3 Nc6 10.Qd2 dxe5 11.fxe5 f6 12.exf6 exf6 13.O-O-O Qa5 14.Qxa5 Nxa5 
15.c3 Bd7 16.Nd2 Rfe8 17.Rde1 Rac8 18.Bf4 b5 19.a3 a6 20.Be2 Be6 21.Bf3 
Bf7 22.Kd1 g5 23.Bg3 f5 24.Rxe8+ Rxe8 25.Bc7 Nc4 26.Nxc4 bxc4 27.Re1 Rxe1+
28.Kxe1 g4 29.Be2 Bh6 30.Kd1 Be3 31.Kc2 h5 32.b4 Be8 33.h3 Bd7 34.hxg4 
hxg4 35.g3 Kf7 36.Bf1 Ba4+ 37.Kb2 Bd1 38.Bg2 Ke6 39.Kb1 Bf3 40.Bf1 Be4+ 
41.Kb2 Kd7 42.Be5 f4 43.gxf4 g3 44.Bh3+ Kc6 45.a4 g2 46.Bxg2 Bxg2 47.Bb8 
Be4 48.Be5 Bf5 49.Bb8 Bd7 50.Be5 Kb7 51.a5 Ba4 52.f5 Bh6 53.Bd6 Be8 54.f6 
Kc6 55.Be7 Kd7 56.b5 axb5 57.Ka3 Kc6 58.Kb4 Bf4 59.a6 Kb6 60.Bd8+ Kxa6 61.
Kc5 Bf7 62.Kc6 Bd2 63.Kd7 Bxc3 64.Ke7 Bh5 65.f7 Bxf7 66.Kxf7 Kb7 0-1